000 00285nam a22001337a 4500
008 170803b xxu||||| |||| 00| 0 eng d
020 _a2900321489691
041 _aeng
080 _a004
100 _a32
101 _aSHK
245 _aWORLD WIDE WEB
_cSEBESTA,R.W
942 _2udc
_cBK
999 _c22590
_d22590